| 000 | 00438nam a2200193Ia 4500 | ||
|---|---|---|---|
| 005 | 20240823052239.0 | ||
| 008 | 240823s9999||||xx |||||||||||||| ||und|| | ||
| 020 | _a978-0-415-28006-8 | ||
| 041 | _aENGLISH | ||
| 082 | _A801.95 P9 | ||
| 100 | _aCatherine Belsey | ||
| 245 | 0 | _aCritical Practice | |
| 250 | _a2nd | ||
| 260 |
_c2009 _b"Routledge,L" |
||
| 500 | _aYES | ||
| 650 |
_aGeneral _bGeneral |
||
| 942 | _cBK | ||
| 999 |
_c221425 _d221425 |
||